Sustainable indicators in your pocket 2006 (Record no. 105711)

MARC details
000 -LEADER
fixed length control field 01325cam a2200217 4500
001 - CONTROL NUMBER
control field ##L134523
008 - FIXED-LENGTH DATA ELEMENTS--GENERAL INFORMATION
fixed length control field 060814n2006 000 0 eng u
035 ## - SYSTEM CONTROL NUMBER
System control number (Sirsi) u134523
041 0# - LANGUAGE CODE
Language code of text/sound track or separate title eng
050 04 - LIBRARY OF CONGRESS CALL NUMBER
Classification number 333.72 $2 18
110 1# - MAIN ENTRY--CORPORATE NAME
Corporate name or jurisdiction name as entry element United Kingdom
Subordinate unit Department for Environment, Food and Rural Affairs
245 00 - TITLE STATEMENT
Title Sustainable indicators in your pocket 2006
Remainder of title an update of the UK government strategy indicators
260 ## - PUBLICATION, DISTRIBUTION, ETC.
Place of publication, distribution, etc. London
Name of publisher, distributor, etc. DEFRA
Date of publication, distribution, etc. 2006
520 ## - SUMMARY, ETC.
Summary, etc. Reports that more than half of the official measurements of environmental, social and economic well being have indicated recent improvements in the UK. Compared with 1999 improved areas include air pollution emissions, waste recycling, vehicle crime and burglary, housing conditions and local environmental quality. Areas that have deteriorated since 1999 include aviation emissions of greenhouse gases, water lost through leaks, household waste levels, urban ozone pollution and childhood obesity.
590 ## - LOCAL NOTE (RLIN)
Local note IKA220806
651 #4 - SUBJECT ADDED ENTRY--GEOGRAPHIC NAME
Geographic name United Kingdom
Chronological subdivision
690 ## - LOCAL SUBJECT ADDED ENTRY--TOPICAL TERM (OCLC, RLIN)
Topical term or geographic name as entry element ENVIRONMENTAL AND LAND CONSULTANCY-SUSTAINABILITY-SUSTAINABLE DEVELOPMENT
710 1# - ADDED ENTRY--CORPORATE NAME
Corporate name or jurisdiction name as entry element United Kingdom
Subordinate unit Office of National Statistics
9 (RLIN) 2035
856 40 - ELECTRONIC LOCATION AND ACCESS
Uniform Resource Identifier <a href="https://www.defra.gov.uk/news/latest/2006/defra-0802.htm">https://www.defra.gov.uk/news/latest/2006/defra-0802.htm</a>
Public note View the indicators free of charge at www.defra.gov.uk...
942 ## - ADDED ENTRY ELEMENTS (KOHA)
Suppress in OPAC 0
Holdings
Withdrawn status Lost status Source of classification or shelving scheme Damaged status Not for loan Home library Current library Shelving location Date acquired Total Checkouts Full call number Barcode Date last seen Copy number Price effective from Koha item type
    Dewey Decimal Classification     Virtual Virtual Online 14/08/2006   ONLINE PUBLICATION 134523-2001 06/08/2019 1 06/08/2019 Book